Państwa najbliżej Polski z wyjątkami - Statystyki

Ogólne statystyki
  • Ten quiz został rozwiązany 247 razy
    148 od ostatniego zresetowania
  • Średni wynik to 14 z 15
Statystyki odpowiedzi
km Państwo % Poprawnych
78km Węgry
100%
143km Austria
99%
154km Szwecja
97%
101km Rumunia
93%
96km Dania
92%
410km Estonia
92%
219km Łotwa
92%
370km Chorwacja
91%
517km Francja
91%
352km Słowenia
91%
288km Mołdawia
86%
355km Serbia
84%
460km Włochy
84%
465km Bośnia i hercegowina
83%
463km Holandia
83%
Nie znaleziono quizów pasujących do podanych kryteriów
Rozkład punktacji
Procent ludzi z każdym wynikiem
Percentyl według liczby udzielonych odpowiedzi
Twoja historia wyników
Nie rozwiązałeś tego quizu od ostatniego zresetowania